| 000 | 00710nam a2200265 i 4500 | ||
|---|---|---|---|
| 999 |
_c9658 _d9658 |
||
| 001 | 9658 | ||
| 003 | BD-JhCC | ||
| 005 | 20180321184719.0 | ||
| 008 | 180321s1974 enka b 001 0 eng | ||
| 020 |
_a0333156943 : _c£2.95 |
||
| 035 | _a(BD-JhCC)9658 | ||
| 040 |
_aDLC _cDLC _dDLC _dBD-JhCC |
||
| 041 | _aeng | ||
| 050 | 0 | 0 |
_aTJ265 _b.G63 |
| 082 | 0 | 0 |
_a621.4/021 _bGOO 1974 |
| 100 | 1 | _aGoodger, E. M. | |
| 245 | 1 | 0 |
_aPrinciples of engineering thermodynamics / _cE. M. Goodger. |
| 260 |
_aLondon : _bMacmillan, _c1974. |
||
| 300 |
_axiv, 194 p. : _bill. ; _c23 cm. |
||
| 500 | _aIncludes index. | ||
| 504 | _aBibliography: p. 190-191. | ||
| 650 | 0 | _aThermodynamics. | |
| 942 |
_2ddc _cBK |
||